| 000 | 006710000a22002410004500 | ||
|---|---|---|---|
| 082 |
_a404.20973 _bSo46m |
||
| 518 | _a2007-9-20 | ||
| 530 | _aM | ||
| 100 | _aSollors, Werner, ed. | ||
| 245 | _aMultilingual America; transnationalism, ethnicity, and the languages of American literature | ||
| 020 | _a0-8147-8093-8 | ||
| 260 |
_aNew York _bNew York University Press, USAA |
||
| 260 | _c1998 | ||
| 300 |
_ax, 409p. _billus. |
||
| 041 | _aEng | ||
| 500 | _aBibliography at the end of each chapter | ||
| 650 | _aMultilingualism | ||
| 650 | _aLiterary history | ||
| 650 | _aAmerican literature | ||
| 650 | _aLiterary criticism | ||
| 651 | _aUSA | ||
| 942 | _cGEN | ||
| 999 |
_c42077 _d42077 |
||